[Event "Toronto"]
[Site "Toronto"]
[Date "1993.??.??"]
[Round "2"]
[White "Southam, David"]
[Black "Livshits, Ron"]
[Result "1-0"]
[WhiteElo "2215"]
[BlackElo "2310"]

1.Nf3 Nf6 2.d4 b6 3.c4 e6 4.a3 Ba6 5.Qc2 c5 6.d5 exd5 7.cxd5 g6 8.e4 Bxf1
9.Kxf1 d6 10.g3 Bg7 11.Kg2 O-O 12.Nc3 a6 13.Bg5 h6 14.Bf4 Ra7 15.Rae1 Re7
16.Re2 Nh5 17.Bc1 g5 18.Rhe1 Nd7 19.h4 g4 20.Nh2 Ne5 21.Nd1 f5 22.exf5 Ref7
23.Ne3 Nf6 24.h5 b5 25.b3 Qa8 26.Rd1 Re7 27.Nexg4 Nxd5 28.Kg1 Nc3 29.Rxe5 Rxe5
30.Qxc3 Rexf5 31.Qd3 Rxh5 32.Qg6 Rh3 33.Bb2 Rf7 34.Re1 Kf8 35.Qxd6+ Kg8 36.Qg6 Kf8
37.Bxg7+ Rxg7 38.Qf5+ Rf7 39.Nf6 Qd8 40.Nh7+ Kg8 41.Qg6+  1-0

[Event "Toulouse-ch"]
[Site "Toulouse"]
[Date "1993.??.??"]
[Round "8"]
[White "Toulzac, Pierre Yves"]
[Black "Belotti, Bruno"]
[Result "1/2-1/2"]
[WhiteElo "2370"]
[BlackElo "2405"]

1.d4 Nf6 2.c4 e6 3.Nf3 b6 4.a3 Ba6 5.Qa4 Bb7 6.Nc3 c5 7.dxc5 Bxc5 8.b4 Be7
9.Bb2 O-O 10.e3 Nc6 11.Be2 Qb8 12.O-O a5 13.b5 Ne5 14.e4 Bd6 15.Nd2 Ng6 16.g3 h5
17.Qd1 h4 18.f4 Bc5+ 19.Kg2 Rc8 20.Kh3 hxg3 21.hxg3 d6 22.Bf3 Bd4 23.Qb3  1/2-1/2

[Event "Vinkovci"]
[Site "Vinkovci"]
[Date "1993.??.??"]
[Round "2"]
[White "Cvitan, Ognjen"]
[Black "Sax, Gyula"]
[Result "1/2-1/2"]
[WhiteElo "2550"]
[BlackElo "2515"]

1.d4 Nf6 2.Nf3 e6 3.c4 b6 4.a3 Ba6 5.e3 d5 6.b3 Be7 7.Bd3 c5 8.O-O dxc4 9.bxc4 Bb7
10.Bb2 Nc6 11.Qe2 O-O 12.Nbd2 Qc7 13.Rad1  1/2-1/2

[Event "Warsaw op"]
[Site "Warsaw"]
[Date "1993.??.??"]
[Round "4"]
[White "Wieczorek, Zbigniew"]
[Black "Skalik, Przemyslaw"]
[Result "1/2-1/2"]
[WhiteElo "2270"]
[BlackElo "2340"]

1.d4 Nf6 2.c4 e6 3.Nf3 b6 4.a3 Bb7 5.Nc3 d5 6.cxd5 Nxd5 7.Qa4+ Qd7 8.Qc2 Qc8
9.Nxd5 exd5 10.Bf4 c6 11.e3 Be7 12.Bd3 h6 13.Ne5 O-O 14.Rc1 c5 15.dxc5 bxc5
16.O-O Qe6 17.Bh7+ Kh8 18.Bf5 Qb6 19.Rfd1 Kg8 20.Bh7+ Kh8 21.Bg6 Kg8 22.Bh5 a5
23.Rd2 Ra6 24.Be2 Ra7 25.Rcd1 Bf6 26.Bf3 d4 27.Nc4 Qa6 28.Be2 Qc6 29.f3 Nd7
30.Nd6 Ba8 31.Qf5 Qd5 32.Qxd5 Bxd5 33.Nb5 Rb7 34.exd4 cxd4 35.Nxd4 Nc5 36.Bd6 Nb3
37.Nxb3 Bxb3 38.Bxf8 Bxd1 39.Bxg7 Kxg7 40.Bxd1 Rxb2 41.Rd7 Bg5 42.g3 Rd2
43.Rxd2 Bxd2 44.Kf2 Bc1 45.a4 Bd2 46.f4 f6  1/2-1/2

[Event "Wiesbaden op"]
[Site "Wiesbaden"]
[Date "1993.??.??"]
[Round "5"]
[White "Bandza, Algirdas"]
[Black "Doery, Jeno"]
[Result "1-0"]
[WhiteElo "2350"]
[BlackElo "2320"]

1.d4 Nf6 2.c4 e6 3.Nf3 b6 4.a3 Bb7 5.Nc3 d5 6.cxd5 Nxd5 7.Bd2 c5 8.e4 Nxc3
9.Bxc3 cxd4 10.Nxd4 a6 11.Qh5 Bxe4 12.Nxe6 Qe7 13.Bc4 Nd7 14.O-O Rc8 15.Bb4 Qf6
16.Bxa6 Bxb4 17.Bxc8 Bd6 18.Ng5 Bg6 19.Bxd7+ Kxd7 20.Qg4+ Kc7 21.Rac1+ Kb8
22.Ne4 h5 23.Nxf6 hxg4 24.Nxg4 Bf5 25.Rfd1 Bf4 26.Ne3 Bxh2+ 27.Kf1 Bc8 28.g3 Bb7
29.Rc3 g6 30.Rd7 f5 31.Rxb7+ Kxb7 32.Kg2 f4 33.Nf1 fxg3 34.fxg3 Re8 35.Rc2  1-0

[Event "Wohlen op"]
[Site "Wohlen"]
[Date "1993.??.??"]
[Round "3"]
[White "Chiong, Luiz"]
[Black "Budnikov, Alexandar"]
[Result "0-1"]
[WhiteElo "2395"]
[BlackElo "2520"]

1.d4 Nf6 2.c4 e6 3.Nf3 b6 4.a3 Bb7 5.Nc3 g6 6.g3 Bg7 7.Bg2 O-O 8.O-O d5 9.cxd5 exd5
10.Bg5 Nbd7 11.Ne5 h6 12.Nxd7 Qxd7 13.Bxf6 Bxf6 14.e3 c6 15.b4 Rfd8 16.Qb3 Ba6
17.b5 Bxb5 18.Nxb5 cxb5 19.Rfb1 a6 20.a4 bxa4 21.Qxb6 Be7 22.Qa5 a3 23.Rb6 Kg7
24.h4 h5 25.Bf3 Ra7 26.Rxa6 Rxa6 27.Qxa6 Rb8 28.Kg2 Rb2 29.Rxa3 Bxa3 30.Qxa3 Qb5
31.Qd6 Rb1 32.Qe5+ Kh7 33.Qxd5 Qf1+ 34.Kh2 Qxf2+ 35.Bg2 Re1 36.Qg5 Re2 37.Qd5 Rxe3
38.Qg5 Re2 39.Qd5 Rd2 40.Qb7 Rxd4  0-1

[Event "SWZ-GP Wohlen"]
[Site "Wohlen"]
[Date "1993.??.??"]
[Round "8"]
[White "Cvitan, Ognjen"]
[Black "Huss, Andreas"]
[Result "1-0"]
[WhiteElo "2575"]
[BlackElo "2400"]

1.d4 e6 2.Nf3 Nf6 3.c4 b6 4.a3 Bb7 5.Nc3 d5 6.cxd5 exd5 7.g3 Be7 8.Bg2 O-O
9.O-O Nbd7 10.Qc2 c5 11.Rd1 Rc8 12.Qf5 Re8 13.Bg5 h6 14.Bf4 Bf8 15.dxc5 Bxc5
16.Nd4 Qe7 17.Rac1 Ne5 18.Bxe5 Qxe5 19.Qxe5 Rxe5 20.e3 Bxd4 21.Rxd4 Ne4 22.Bxe4 Rxe4
23.Rdd1 Rec4 24.Rc2 b5 25.Rcd2 b4 26.Nxd5 Bxd5 27.Rxd5 bxa3 28.bxa3 Kf8 29.Ra5 Rc1
30.Rxc1 Rxc1+ 31.Kg2 Rc7 32.h4 Ke7 33.h5 Ke6 34.g4 Kd6 35.f4 f6 36.Kf3 Ke6
37.Ke4 Rc4+ 38.Kd3 Rc7 39.Kd4 Rd7+ 40.Ke4 Re7 41.Ra6+ Kf7+ 42.Kf5 Rc7 43.e4 Rb7
44.e5 fxe5 45.fxe5 Re7 46.a4 Rb7 47.Rc6 Ke7 48.a5 Kf7 49.a6 Re7 50.Rc8 g6+
51.hxg6+ Kg7 52.Rb8  1-0

[Event "Oberliga Wuert9293"]
[Site "Wuerttemberg"]
[Date "1993.??.??"]
[Round "?"]
[White "Gabriel, Robert"]
[Black "Boehm, Martin"]
[Result "1-0"]
[WhiteElo "2255"]
[BlackElo "2220"]

1.d4 Nf6 2.c4 e6 3.Nf3 b6 4.a3 Ba6 5.Qc2 Be7 6.e4 d5 7.e5 Nfd7 8.Nbd2 Bb7
9.cxd5 Bxd5 10.Bd3 h6 11.O-O O-O 12.Ne4 c5 13.dxc5 Nxc5 14.Nxc5 Bxc5 15.Bh7+ Kh8
16.Be4 Nc6 17.Bxd5 Qxd5 18.Rd1 Nd4 19.Nxd4 Bxd4 20.Qa4 Bxf2+ 21.Kxf2 Qxe5
22.Qf4 Qh5 23.Bd2 f6 24.Bc3 e5 25.Qf3 Qh4+ 26.Qg3 Qa4 27.Rac1 Rfd8 28.Qf3 Rac8
29.h3 a5 30.Qg4 Qb3 31.Kg1 Qf7 32.Kh2 Rb8 33.Qf5 Qb3 34.Rd7 Qa4 35.Rc7 Qe8
36.Qg4 Qf8 37.Rf1 Qg8 38.Rd1 Rxd1 39.Qxd1 Rd8 40.Qg4 Rd6 41.Rc8 Rd8 42.Rc6 Qb3
43.h4 Qb5 44.Rc7 Rg8 45.h5 Qd5 46.Be1 Qb5 47.Bh4 f5 48.Qg6 Qa4 49.Bf6 Qf4+
50.Kg1  1-0

[Event "Zaragoza op"]
[Site "Zaragoza"]
[Date "1993.??.??"]
[Round "?"]
[White "San Segundo, Pablo"]
[Black "Vyzmanavin, Alexey"]
[Result "0-1"]
[WhiteElo "2440"]
[BlackElo "2620"]

1.Nf3 Nf6 2.d4 e6 3.c4 b6 4.a3 Bb7 5.Nc3 d5 6.cxd5 Nxd5 7.Bd2 Nd7 8.Nxd5 exd5
9.g3 Be7 10.Bg2 c5 11.O-O O-O 12.Qc2 Re8 13.Rfe1 Nf6 14.Bg5 Rc8 15.Bh3 Rc7
16.Rac1 c4 17.Ne5 Ne4 18.Bf4 Bc8 19.Bg2 f6 20.Nf3 Bf5  0-1

[Event "Zuerich op"]
[Site "Zuerich"]
[Date "1993.??.??"]
[Round "?"]
[White "Nemet, Ivan"]
[Black "Huss, Andreas"]
[Result "1-0"]
[WhiteElo "2410"]
[BlackElo "2410"]

1.d4 e6 2.c4 Nf6 3.Nf3 b6 4.a3 Bb7 5.Nc3 d5 6.cxd5 exd5 7.g3 Nbd7 8.Bg2 a6
9.Bf4 Nh5 10.Bg5 Be7 11.Bxe7 Qxe7 12.O-O Nhf6 13.b4 O-O 14.Qb3 Rfe8 15.Bh3 Qd6
16.Rac1 c5 17.bxc5 bxc5 18.dxc5 Nxc5 19.Qb4 Bc8 20.Bxc8 Raxc8 21.Na4 Nce4
22.Qxd6 Nxd6 23.Nb6 Rb8 24.Rc6 Nc4 25.Nxc4 dxc4 26.Nd4 Rec8 27.Rxa6 Kf8 28.Rc1 c3
29.Nc6 Rb3 30.Kg2 Ne4 31.Nd4 Rb2 32.f3 Nd2 33.Rc6 Rxc6 34.Nxc6 c2 35.Nd4 Nc4
36.Kf2 Nxa3 37.Ke3 Rb1 38.Kd2 Nc4+ 39.Kxc2 Na3+ 40.Kd1 Rb2  1-0

[Event "Abierto op"]
[Site "Abierto"]
[Date "1994.??.??"]
[Round "7"]
[White "Del Rey, Diego"]
[Black "Rojo Huerta, Gabriel"]
[Result "1-0"]
[WhiteElo "2400"]
[BlackElo "2370"]

1.d4 Nf6 2.c4 e6 3.Nf3 b6 4.a3 Ba6 5.Qc2 Bb7 6.Nc3 c5 7.dxc5 bxc5 8.Bf4 d6
9.Rd1 Qb6 10.e3 Be7 11.Be2 O-O 12.O-O h6 13.h3 Nbd7 14.Rd2 Rab8 15.Rfd1 Bxf3
16.Bxf3 e5 17.Bg3 Qb3 18.Nb5 Qxc2 19.Rxc2 e4 20.Be2 Ne8 21.Nxa7 Bf6 22.Nb5 Ne5
23.Nxd6 Nxd6 24.Rxd6 Rb3 25.Rd5 Nd3 26.Bxd3 exd3 27.Rd2 Bxb2 28.R2xd3 Rxa3
29.Rxa3 Bxa3 30.Bc7 Rc8 31.Rd8+ Rxd8 32.Bxd8 Kf8 33.Kf1 Ke8 34.Bb6 h5 35.Bc7 Kd7
36.Be5 f6 37.Bc3 Ke6 38.Ke2 g6 39.Kd3 f5 40.Kc2  1-0

[Event "Alcobendas"]
[Site "Alcobendas"]
[Date "1994.??.??"]
[Round "8"]
[White "Roa Alonso, Santiago"]
[Black "Ionov, Sergey"]
[Result "1/2-1/2"]
[WhiteElo "2300"]
[BlackElo "2530"]

1.d4 Nf6 2.Nf3 e6 3.c4 b6 4.a3 Ba6 5.Qc2 Bb7 6.Nc3 c5 7.dxc5 bxc5 8.Bf4 d6
9.Rd1 Qb6 10.e3 Be7 11.Be2 O-O 12.O-O Rd8 13.Rd2 Nbd7 14.Rfd1 Nf8 15.Ne1 Ng6
16.Bg5 h6 17.Bxf6 Bxf6 18.Bf3 Bxf3 19.Nxf3 Rab8 20.Ne4 Be7 21.h3 Qc6 22.Nc3 a6
23.Qe4 Rb6 24.Qxc6 Rxc6 25.Ne4 f5 26.Nc3 Bf6 27.Na4 Kf7 28.Kf1 Ke7 29.Ke2 Rb8
30.g4 f4 31.Rd3 fxe3 32.fxe3 Ne5 33.Nxe5 Bxe5 34.R1d2 Rc7 35.Kf3 Rf8+ 36.Ke4 Rc6
37.Rb3 Rd8 38.Rb7+ Rd7 39.Rxd7+ Kxd7 40.Rd3 Bf6 41.Rb3 Kc7 42.Rd3  1/2-1/2

[Event "Altensteig"]
[Site "Altensteig"]
[Date "1994.??.??"]
[Round "11"]
[White "Bischoff, Klaus"]
[Black "Dautov, Rustem"]
[Result "0-1"]
[WhiteElo "2525"]
[BlackElo "2630"]

1.Nf3 Nf6 2.c4 e6 3.d4 b6 4.a3 Bb7 5.Nc3 d5 6.Bg5 Be7 7.Bxf6 Bxf6 8.cxd5 exd5
9.g3 O-O 10.Bg2 Qe7 11.O-O Rd8 12.b4 c5 13.Rb1 c4 14.e3 Nd7 15.a4 g6 16.Ne1 Nf8
17.b5 Ne6 18.Nc2 Qd7 19.Rb2 Be7 20.h4 Ng7 21.Qe2 Ne8 22.Ra1 f5 23.Na3 Nf6
24.Nab1 a5 25.bxa6 Rxa6 26.Nd2 Rda8 27.Rab1 Bd8 28.Rb4 Kg7 29.Qf1 Bc6 30.Nf3 Qd6
31.Ne5 Be8 32.Qd1 R8a7 33.g4 Ne4 34.Bxe4 fxe4 35.g5 Qe6 36.Qg4 Qxg4+ 37.Nxg4 Ra5
38.Nf6 Bxf6 39.gxf6+ Kxf6 40.Rxb6+ Kf5 41.Kh2 Kg4 42.Rg1+ Kxh4 43.Re6 Bxa4
44.Re5 Bd7 45.Nxd5 Bf5 46.Rh1 Ra1 47.Rxa1 Rxa1 48.Nf4 c3 49.Rc5 Ra2  0-1

[Event "Alushta op"]
[Site "Alushta"]
[Date "1994.??.??"]
[Round "?"]
[White "Tregubov, Pavel V"]
[Black "Zagrebelny, Sergey"]
[Result "0-1"]
[WhiteElo "2495"]
[BlackElo "2510"]

1.d4 Nf6 2.Nf3 e6 3.c4 b6 4.a3 d5 5.Nc3 Be7 6.Qc2 Bb7 7.cxd5 exd5 8.g3 O-O
9.Bg2 Nbd7 10.O-O c5 11.Rd1 Rc8 12.Qf5 g6 13.Qh3 Re8 14.Bg5 c4 15.Ne5 Nf8
16.Bxf6 Bxf6 17.Ng4 Bg7 18.Nh6+ Bxh6 19.Qxh6 a6 20.e4 dxe4 21.d5 f5 22.g4 Rc7
23.gxf5 gxf5 24.Qxb6 Rg7 25.Qxd8 Rxd8 26.Kh1 Ng6 27.Bh3 Bc8 28.Rab1 Nf4 29.Bf1 Rd6
30.Bxc4 Nh3 31.Rf1 Rdg6 32.Ne2 f4 33.d6+ Kf8 34.Ng3 Bb7 35.Rbd1 e3+ 36.Bd5 Nxf2+
37.Rxf2 Bxd5+ 38.Rxd5 exf2 39.Rf5+ Rf7 40.d7 Rd6 41.Rxf7+ Kxf7 42.Nf1  0-1

[Event "Alushta3"]
[Site "Alushta"]
[Date "1994.??.??"]
[Round "9"]
[White "Korotylev, Alexey"]
[Black "Arkhipov, Sergey"]
[Result "1-0"]
[WhiteElo "2415"]
[BlackElo "2530"]

1.d4 Nf6 2.c4 e6 3.Nf3 b6 4.a3 c5 5.d5 Ba6 6.Qc2 exd5 7.cxd5 g6 8.Nc3 Bg7
9.g3 O-O 10.Bg2 d6 11.O-O Nbd7 12.h3 b5 13.Re1 Bb7 14.Bf4 Qb6 15.e4 Rfe8
16.Rad1 Rac8 17.Be3 a6 18.Nd2 Qc7 19.f4 c4 20.Nf3 Nc5 21.e5 Nfd7 22.e6 fxe6
23.dxe6 Nf6 24.Bxc5 Qxc5+ 25.Kh2 d5 26.f5 Rcd8 27.fxg6 d4 28.gxh7+ Kh8 29.Ne5 Ng4+
30.Nxg4 Bxg2 31.Kxg2 dxc3 32.Rxd8 Rxd8 33.bxc3 Qd5+ 34.Kh2 Qd3 35.Qxd3 cxd3
36.Rd1 Kxh7 37.e7 Re8 38.Rxd3 Rxe7 39.Ne3 Rc7 40.Nd5 Rc4 41.h4 Ra4 42.Re3 Rxa3
43.Re7 a5 44.Kh3 Kh6 45.Rb7 Rb3 46.g4 Rb1 47.Nf4 b4 48.g5+ Kh7 49.Ne6 Rh1+
50.Kg4  1-0

[Event "Amantea op"]
[Site "Amantea"]
[Date "1994.??.??"]
[Round "?"]
[White "Komarov, Dimitri"]
[Black "Contin, Daniel"]
[Result "1-0"]
[WhiteElo "2565"]
[BlackElo "2425"]

1.d4 Nf6 2.c4 e6 3.Nf3 b6 4.a3 Bb7 5.Nc3 d5 6.cxd5 Nxd5 7.Bd2 Be7 8.Qc2 O-O
9.e4 Nxc3 10.Bxc3 c5 11.dxc5 bxc5 12.Rd1 Qb6 13.Ne5 Qc7 14.Bd3 Bf6 15.Nf3 Bxc3+
16.Qxc3 Nd7 17.O-O Bc6 18.Rc1 a5 19.b4 axb4 20.axb4 Rfb8 21.bxc5 Ra5 22.Qd4 Rc8
23.Rc3 e5 24.Qe3 Ba8 25.c6 Nf6 26.Rfc1 h6 27.h3 Kf8 28.Rc5 Rxc5 29.Qxc5+ Qe7
30.Nxe5 Qxc5 31.Rxc5 Ke7 32.Rc1 g5 33.Bb5 Rc7 34.Ra1 Kd6 35.Nd3 Bxc6 36.e5+ Kd5
37.Bxc6+  1-0

[Event "AUT-ch"]
[Site "Austria"]
[Date "1994.??.??"]
[Round "2"]
[White "Stanec, Nikolaus"]
[Black "Wohlfahrt, Herbert J"]
[Result "1-0"]
[WhiteElo "2450"]
[BlackElo "2270"]

1.d4 Nf6 2.Nf3 e6 3.c4 b6 4.a3 Ba6 5.e3 d5 6.Ne5 dxc4 7.Nd2 c5 8.Ndxc4 b5
9.Nd2 cxd4 10.Ndf3 Qd5 11.Qxd4 b4 12.axb4 Qxd4 13.Nxd4 Bxb4+ 14.Bd2 Bxd2+
15.Kxd2 Ne4+ 16.Ke1 Bxf1 17.Rxf1 Nd7 18.Nec6 O-O 19.Nb5 Kh8 20.Rxa7 Rxa7
21.Nbxa7 Nb6 22.Ke2 Nc5 23.Rc1 Ncd7 24.Kd3 Ra8 25.Rc2 f6 26.Kc3 Nd5+ 27.Kc4 Ne5+
28.Nxe5 Rxa7 29.Nc6 Ra6 30.Nd4 Ra4+ 31.Kb3 Rb4+ 32.Ka3 Rb8 33.Nxe6 Ra8+ 34.Kb3 Rb8+
35.Kc4 Nb4 36.Rd2 Nc6  1-0

[Event "AUT-chT"]
[Site "?"]
[Date "1994.??.??"]
[Round "?"]
[White "Juraczka, Franz"]
[Black "Kindermann, Stefan"]
[Result "0-1"]
[WhiteElo "2290"]
[BlackElo "2520"]

1.d4 Nf6 2.Nf3 e6 3.c4 b6 4.a3 Bd6 5.Qc2 Bb7 6.Nc3 c5 7.d5 exd5 8.cxd5 Nxd5
9.Nxd5 Bxd5 10.e4 Be6 11.Ng5 Nc6 12.Be3 Be7 13.h4 Nd4 14.Bxd4 cxd4 15.f4 h6
16.Nf3 Bg4 17.Ne5 Bxh4+ 18.Kd2 Qf6 19.Nd3 Bg3 20.Qc7 O-O 21.Be2 Rac8 22.Qe5 Qxe5
23.fxe5 Bxe2 24.Kxe2 Rfe8 25.Rh5 d6 26.exd6 Rxe4+  0-1

[Event "AUT-chT"]
[Site "?"]
[Date "1994.??.??"]
[Round "?"]
[White "Stohl, Igor"]
[Black "Hertneck, Gerald"]
[Result "1/2-1/2"]
[WhiteElo "2545"]
[BlackElo "2555"]

1.d4 Nf6 2.c4 e6 3.Nf3 b6 4.a3 c5 5.d5 exd5 6.cxd5 g6 7.Nc3 Bg7 8.e4 O-O
9.Bd3 d6 10.h3 Ba6 11.O-O Bxd3 12.Qxd3 Nbd7 13.Bf4 Ne8 14.Rfe1 a6 15.a4 Qc8
16.Rad1 f6 17.Nd2 Rf7 18.Nc4 Bf8 19.Rb1 Rb8 20.b4 Ne5 21.Bxe5 dxe5 22.d6 b5
23.bxc5 bxc4 24.Qd5 Rb3 25.Rxb3 cxb3 26.Qxb3 Nxd6 27.cxd6 Bxd6 28.Nd5 Kg7
29.Rb1 Qc5 30.Qd3 Qa5 31.Qc4  1/2-1/2

[Event "AUT-chT"]
[Site "?"]
[Date "1994.??.??"]
[Round "?"]
[White "Wohlmann, Erich"]
[Black "Kaspret, Guido"]
[Result "0-1"]
[WhiteElo "2195"]
[BlackElo "2315"]

1.d4 Nf6 2.c4 e6 3.Nf3 b6 4.a3 Bb7 5.Nc3 d5 6.cxd5 exd5 7.Bg5 Be7 8.e3 O-O
9.Rc1 c5 10.Bd3 Ne4 11.Bxe7 Qxe7 12.O-O Nd7 13.Re1 Nxc3 14.Rxc3 c4 15.Bb1 b5
16.Nd2 f5 17.f4 a5 18.Nf3 b4 19.axb4 axb4 20.Rc1 g6 21.Ne5 Bc8 22.Qf3 Nb6
23.Qg3 Kg7 24.h4 Nd7 25.h5 Nxe5 26.dxe5 b3 27.Kf2 Ra6 28.Rh1 Rg8 29.Qh4 g5
30.Qxg5+ Qxg5 31.fxg5 Kf7 32.g6+ hxg6 33.g4 Ke6 34.hxg6 Kxe5 35.gxf5 Bxf5
36.Rh5 Rf6 37.Rd1 Rgxg6 38.Bxf5 Rg7 39.Kf3 Rgf7 40.Kg4 Rxf5  0-1

[Event "AUT-chT2S 9394"]
[Site "AUT"]
[Date "1994.??.??"]
[Round "?"]
[White "Szeles, Karoly"]
[Black "Petran, Pal"]
[Result "1/2-1/2"]
[WhiteElo "2335"]
[BlackElo "2440"]

1.d4 Nf6 2.c4 e6 3.Nf3 b6 4.a3 Ba6 5.Qc2 Bb7 6.Nc3 c5 7.e4 cxd4 8.Nxd4 Nc6
9.Nxc6 Bxc6 10.Be2 Qb8 11.O-O Bd6 12.f4 e5 13.f5 Bc5+ 14.Kh1 h6 15.Bd2 a6
16.Rf3 Ng4 17.Raf1 h5 18.Bg5 f6 19.Bc1 Ke7 20.h3 Bd4 21.b4 b5 22.cxb5 axb5
23.a4 bxa4 24.b5 Bb7 25.Ba3+ Ke8 26.Rg3 Qc7 27.b6 Qxb6 28.Nb5 Rc8 29.Nd6+ Qxd6
30.Qxc8+ Bxc8 31.Bxd6 Nf2+  1/2-1/2

[Event "EUCup Gr"]
[Site "Baile Herculane"]
[Date "1994.??.??"]
[Round "2"]
[White "Kozul, Zdenko"]
[Black "Kengis, Edvins"]
[Result "0-1"]
[WhiteElo "2575"]
[BlackElo "2565"]

1.d4 Nf6 2.Nf3 e6 3.c4 b6 4.a3 Bb7 5.Nc3 g6 6.Bg5 Bg7 7.e3 h6 8.Bh4 O-O 9.Be2 d6
10.O-O g5 11.Bg3 Nh5 12.Nd2 Nxg3 13.hxg3 Nd7 14.Bf3 Bxf3 15.Qxf3 c5 16.Rad1 Qe7
17.Rfe1 cxd4 18.exd4 Bxd4 19.Nde4 Be5 20.Nb5 Bxb2 21.Nexd6 Nc5 22.g4 Rad8
23.Qe2 Bf6 24.Qf3 a6 25.Na7 Rxd6 26.Rxd6 Kg7 27.Rxb6 Qxa7 28.Reb1 Rd8 29.Rc6 Qe7
30.Qe3 Bd4 31.Qf3 Nd3 32.Rxa6 Nxf2 33.Kh2  0-1

[Event "Balatonbereny op"]
[Site "Balatonbereny"]
[Date "1994.??.??"]
[Round "2"]
[White "Zimmerman, Yuri"]
[Black "Varga, Zoltan"]
[Result "0-1"]
[WhiteElo "2320"]
[BlackElo "2480"]

1.d4 Nf6 2.c4 e6 3.Nf3 b6 4.a3 g6 5.Nc3 Bb7 6.d5 Bg7 7.g3 exd5 8.cxd5 O-O
9.Bg2 c6 10.O-O Nxd5 11.Nxd5 cxd5 12.Ng5 Qe7 13.Bxd5 Bxd5 14.Qxd5 Nc6 15.Qd3 Rfe8
16.Re1 Nd4 17.Be3 Nf5 18.Bc1 Rac8 19.Nf3 Qe4 20.Qxe4 Rxe4 21.Rb1 Rc2 22.Kf1 d5
23.b3 Bc3 24.e3 Bxe1 25.Nxe1 Ra2 26.Nd3 a5 27.Bb2 d4 28.Nc1 Rxb2 29.Rxb2 dxe3
30.Re2 Rd4 31.Ke1 exf2+ 32.Kxf2 Rd1 33.Na2 Rh1 34.Kg2 Rb1 35.b4 Rb3 36.bxa5 bxa5
37.a4 Ra3 38.Rb2 Rxa4 39.Nc3 Ra1 40.Rb8+ Kg7 41.Ra8 h5 42.Ra6 Ne3+ 43.Kf3 Ng4
44.h3 Ra3 45.hxg4 Rxc3+ 46.Kf2 Rc2+ 47.Kf1 Ra2 48.g5 Kf8 49.Ra7 a4 50.Kg1 a3
51.Kf1 Ke8 52.Ke1 Kd8 53.Kd1 Kc8 54.Kc1 Kb8 55.Rxf7 Rg2 56.Kb1 Rxg3 57.Rf8+ Kc7
58.Ra8 Rxg5 59.Rxa3 Rc5 60.Ra7+ Kd6  0-1

[Event "Barcelona UGA"]
[Site "Barcelona"]
[Date "1994.??.??"]
[Round "6"]
[White "Pares Vives, Jose"]
[Black "Narciso Dublan, Marc"]
[Result "0-1"]
[WhiteElo "2375"]
[BlackElo "2340"]

1.d4 Nf6 2.Nf3 e6 3.c4 b6 4.a3 Be7 5.Nc3 d5 6.Qa4+ c6 7.cxd5 exd5 8.Ne5 Bb7
9.g3 Nfd7 10.Nd3 Bf6 11.Be3 O-O 12.Bg2 a5 13.O-O Na6 14.Rad1 Re8 15.Nf4 Nc7
16.Bc1 Be7 17.e4 dxe4 18.Nxe4 Bf8 19.Be3 Rc8 20.Qb3 h6 21.Nc5 Ba6 22.Nxa6 Nxa6
23.Rc1 Nab8 24.Ng6 a4 25.Qc4 b5 26.Qa2 Bd6 27.Nf4 Nb6 28.Bh3 N8d7 29.Rcd1 Nc4
30.Bc1 Rc7 31.d5 c5 32.b3 axb3 33.Qxb3 Rb7 34.Nd3 Nf6 35.Qc2 Rbe7 36.Nf4 g5
37.Bb2 Nxb2 38.Qxb2 Be5 39.Qxb5 gxf4 40.d6 Ra7 41.d7 Rf8 42.Qxc5 Ra5 43.Qb4 fxg3
44.hxg3 Bc7 45.Qc4 Rxa3 46.Rc1 Bb6 47.Qf4 Nh5 48.Qd6 Rxg3+ 49.Kh2 Rg6 50.Rg1 Kh7
51.Rxg6 fxg6 52.Re1 Bc7 53.Re7+ Kh8  0-1

[Event "JUG-chT Cup"]
[Site "Becici"]
[Date "1994.??.??"]
[Round "?"]
[White "Barlov, Dragan"]
[Black "Rajkovic, Dusan"]
[Result "1/2-1/2"]
[WhiteElo "2500"]
[BlackElo "2475"]

1.d4 Nf6 2.c4 e6 3.Nf3 b6 4.a3 Ba6 5.Qc2 Bb7 6.Nc3 c5 7.dxc5 bxc5 8.Bg5 Be7
9.e3 O-O 10.Be2 d6 11.O-O Nbd7 12.Rfd1 Qb6 13.Rd2  1/2-1/2

[Event "Belgrade"]
[Site "Belgrade"]
[Date "1994.??.??"]
[Round "5"]
[White "Shipov, Sergei"]
[Black "Skembris, Spyridon"]
[Result "1/2-1/2"]
[WhiteElo "2525"]
[BlackElo "2525"]

1.d4 Nf6 2.c4 e6 3.Nf3 b6 4.a3 Ba6 5.Qc2 c5 6.d5 exd5 7.cxd5 g6 8.Nc3 Bg7
9.g3 O-O 10.Bg2 d6 11.O-O Re8 12.Re1 Nbd7 13.h3 b5 14.Bf4 Nb6 15.e4 Qd7 16.Bf1 Nh5
17.Bg5 b4 18.Bxa6 bxc3 19.bxc3 Qxh3 20.Bb5 h6 21.Bxe8 Rxe8 22.Be3 Nc4 23.Rad1 Nf6
24.Bf4 Ng4 25.Qe2 g5 26.Bxg5 Bxc3 27.Qxc4 Bxe1 28.Rxe1 hxg5 29.Qb5 Rf8 30.Qf1 Qh5
31.Kg2 Kg7 32.Qh1 Qxh1+ 33.Rxh1 Rb8 34.Nxg5 Rb2 35.Kf3 Ne5+ 36.Ke3 Nc4+ 37.Kf3 Ne5+  1/2-1/2

[Event "Belgrade Trako"]
[Site "Belgrade"]
[Date "1994.??.??"]
[Round "6"]
[White "Genov, Petar"]
[Black "Ostojic, Nikola"]
[Result "1/2-1/2"]
[WhiteElo "2470"]
[BlackElo "2450"]

1.d4 Nf6 2.c4 e6 3.Nf3 b6 4.a3 Bb7 5.Nc3 d5 6.Qc2 Be7 7.Bg5 Nbd7 8.cxd5 exd5
9.e3 O-O 10.Bd3 c5 11.O-O c4 12.Bf5 g6 13.Bh3 Bc6 14.Rad1 b5 15.Ne5 Nxe5
16.dxe5 Nd7 17.Bxd7 Qxd7 18.Nxd5 Bxd5 19.Bxe7 Qe6  1/2-1/2

[Event "Berliner Sommer"]
[Site "Berlin"]
[Date "1994.??.??"]
[Round "?"]
[White "Arbakov, Valentin"]
[Black "Levin, Felix"]
[Result "1-0"]
[WhiteElo "2570"]
[BlackElo "2480"]

1.c4 e6 2.d4 Nf6 3.Nf3 b6 4.a3 Bb7 5.Nc3 d5 6.cxd5 Nxd5 7.Qc2 Nxc3 8.bxc3 Be7
9.e4 O-O 10.Bd3 c5 11.O-O Qc8 12.Qe2 Ba6 13.Bf4 Bxd3 14.Qxd3 Rd8 15.Qe3 Nc6
16.Rfd1 Na5 17.h4 Nc4 18.Qe2 cxd4 19.cxd4 Bxa3 20.Nd2 Nxd2 21.Rxa3 Nc4 22.Rg3 Kh8
23.Qh5 Qb7 24.Rxg7 Qxe4 25.Rxf7 Qg6 26.Be5+ Nxe5 27.Qxe5+ Kg8 28.Rf6 Qg7
29.Rd3 Kh8 30.Rg3 Rd5 31.Rf8+  1-0

[Event "Bern op"]
[Site "Bern"]
[Date "1994.??.??"]
[Round "4"]
[White "Begovac, Franja"]
[Black "Razuvaev, Yuri S"]
[Result "0-1"]
[WhiteElo "2420"]
[BlackElo "2555"]

1.d4 Nf6 2.c4 e6 3.Nf3 b6 4.a3 Bb7 5.Nc3 d5 6.cxd5 Nxd5 7.Bd2 Nf6 8.Bg5 Nbd7
9.e3 Be7 10.Rc1 O-O 11.Be2 c5 12.O-O h6 13.Bh4 a6 14.Rc2 Rc8 15.Rd2 c4 16.Qb1 b5
17.Bg3 Nd5 18.Nxd5 exd5 19.Ne5 Nf6 20.f3 a5 21.Bh4 Nd7 22.Bg3 Nxe5 23.Bxe5 Bg5
24.f4 Be7 25.Bg4 f6 26.Be6+ Kh8 27.Bxc8 Bxc8 28.f5 fxe5 29.dxe5 Bc5 30.Kh1 Bxe3
31.Re2 Qg5 32.f6 gxf6 33.exf6 d4  0-1

[Event "Bern op"]
[Site "Bern"]
[Date "1994.??.??"]
[Round "8"]
[White "Begovac, Franja"]
[Black "Bosbach, Gerhard"]
[Result "1-0"]
[WhiteElo "2420"]
[BlackElo "2255"]

1.d4 Nf6 2.c4 e6 3.Nf3 b6 4.a3 d5 5.Nc3 Bb7 6.Qc2 Nbd7 7.cxd5 Nxd5 8.Nxd5 exd5
9.Bg5 f6 10.Bf4 c6 11.e3 g6 12.h4 Be7 13.h5 g5 14.Bg3 h6 15.Bd3 Rg8 16.e4 Rc8
17.e5 Rg7 18.Bg6+ Kf8 19.e6 Nb8 20.Ne5 fxe5 21.Qf5+ Kg8 22.Bf7+ Kf8 23.Bxe5 Bf6
24.Bxf6 Rxf7 25.exf7 Qd7 26.Qg6  1-0

[Event "Bled op"]
[Site "Bled"]
[Date "1994.??.??"]
[Round "?"]
[White "Yuferov, Sergey  N"]
[Black "Kragelj, Igor"]
[Result "1-0"]
[WhiteElo "2475"]
[BlackElo "2250"]

1.d4 Nf6 2.Nf3 e6 3.c4 b6 4.a3 Ba6 5.Qc2 Bb7 6.Nc3 c5 7.e4 cxd4 8.Nxd4 Bc5
9.Nb3 Nc6 10.Bf4 d6 11.O-O-O e5 12.Bg5 h6 13.Bh4 g5 14.Bg3 Qe7 15.h4 Rg8
16.hxg5 hxg5 17.Kb1 Rd8 18.Bd3 Bc8 19.Nd5 Nxd5 20.exd5 Nd4 21.Nxd4 Bxd4 22.Rh7 a6
23.Re1 Rd7 24.Qa4 Kd8 25.f4 Kc7 26.fxe5 dxe5 27.Rf1 Rf8 28.Bf5 Qf6 29.Qd1 Qd6
30.Bxd7  1-0

[Event "Bucharest-A"]
[Site "Bucharest"]
[Date "1994.??.??"]
[Round "?"]
[White "Komarov, Dimitri"]
[Black "Anapolsky, Sergey"]
[Result "1/2-1/2"]
[WhiteElo "2535"]
[BlackElo "2445"]

1.d4 Nf6 2.c4 e6 3.Nf3 b6 4.a3 Bb7 5.Nc3 d5 6.cxd5 Nxd5 7.e3 g6 8.Nxd5 exd5
9.b4 a5 10.b5 Bd6 11.a4 Qe7 12.Be2 O-O 13.Qb3 Bb4+ 14.Bd2 c5 15.bxc6 Nxc6
16.Bxb4 Qxb4+ 17.Qxb4 Nxb4 18.Kd2 Rfc8 19.Rhc1 f6 20.Bb5 Rxc1 21.Rxc1 Rc8
22.Rxc8+ Bxc8 23.Ng1 Kf7 24.Ne2 g5 25.Nc3 Ke6 26.f3 Bb7 27.e4 h6 28.Be2 Bc6
29.Bd1 Kd6 30.Bb3 dxe4 31.fxe4 Na6 32.Nd5 Bxd5 33.Bxd5 Nc7 34.Bc4 h5 35.Kc3 h4
36.g3 hxg3 37.hxg3 Kc6 38.Be2 b5 39.axb5+ Nxb5+ 40.Bxb5+ Kxb5 41.g4 a4 42.Kd3 Kb4
43.Kc2 Kc4 44.d5  1/2-1/2

[Event "Schneider mem"]
[Site "Budapest"]
[Date "1994.??.??"]
[Round "?"]
[White "Timar, Zsolt"]
[Black "Eismont, Oleg"]
[Result "0-1"]
[WhiteElo "2225"]
[BlackElo "2440"]

1.d4 Nf6 2.c4 e6 3.Nf3 b6 4.a3 Ba6 5.e3 d5 6.Qa4+ c6 7.cxd5 Bxf1 8.Kxf1 exd5
9.Bd2 Bd6 10.Bb4 O-O 11.Bxd6 Qxd6 12.Nbd2 c5 13.g3 Nc6 14.Kg2 c4 15.b3 cxb3
16.Qxb3 Rac8 17.Rhc1 Rc7 18.Qb5 h5 19.Nb3 Ne4 20.Rc2 Ne7 21.Rxc7 Qxc7 22.Rc1 Qd6
23.a4 Qf6 24.Rc2 Rd8 25.Nc1 Qf5 26.Nh4 Qe6 27.Nd3 Nd6 28.Qb3 g5 29.Nf3 Qe4  0-1